The men whom Jesus made: (Record no. 5121)

000 -LEADER
fixed length control field 00611nam a2200181 a 4500
001 - CONTROL NUMBER
control field :::00002862$&:&@@
003 - CONTROL NUMBER IDENTIFIER
control field OkBaRHE
005 - DATE AND TIME OF LATEST TRANSACTION
control field 20000607103257.0
008 - FIXED-LENGTH DATA ELEMENTS--GENERAL INFORMATION
fixed length control field j 000 0 eng u
040 ## - CATALOGING SOURCE
Transcribing agency
100 1# - MAIN ENTRY--PERSONAL NAME
Personal name Mackay, W. Mackintosh (William Mackintosh).
245 14 - TITLE STATEMENT
Title The men whom Jesus made:
Remainder of title a series of studies in the characters of the twelve apostles.
260 ## - PUBLICATION, DISTRIBUTION, ETC. (IMPRINT)
Place of publication, distribution, etc London, UK:EN., ;
Name of publisher, distributor, etc Hodder and Stoughton
Date of publication, distribution, etc nd
300 ## - PHYSICAL DESCRIPTION
Extent 211 p. ;
Dimensions 20 cm.
650 ## - SUBJECT ADDED ENTRY--TOPICAL TERM
Topical term or geographic name as entry element Apostles
942 ## - ADDED ENTRY ELEMENTS (KOHA)
Source of classification or shelving scheme
Koha item type Books
Copies
Copy number Withdrawn status Lost status Permanent Location Koha item type Price effective from Not for loan Date acquired Full call number Date last seen Barcode Shelving location Source of classification or shelving scheme Damaged status
1  RHEMA Bible Training CollegeBooks2010-04-14 2010-04-14BS 2440 .M32018-03-162862General Stacks